000 01941nam a2200241Ia 4500
999 _c56582
_d56582
001 23696
003 GE_BSU
005 20210324180640.0
008 181216s2018||||ge |||||||||||||| ||geo||
040 _cGE_BSU
041 _ageo
080 _a81 მ-36
100 _aმახარაძე, მერი
_910735
245 _aსაგაზეთო ფელეტონის იუმორის ეპოქალურ-კულტურული არსი და კვლევის ლინგვოკულტუროლოგიური პერსპექტივა (ქართული და ინგლისური საგაზეთო ფელეტონების მასალაზე) /
_cმერი მახარაძე; სამეცნ. ხელმძღვანელი თ. შავლაძე; ბათუმის შოთა რუსთაველის სახ-ფო უნ-ტი. ჰუმანიტარულ მეცნიერებათა ფაკ-ტ. ევროპეისტიკის დეპარტამენტი
264 _aბათუმი,
_c2018.
300 _a147 გვ.
_b30 სმ.
300 _eბიბლ. გვ.:117-123. დანართი გვ.:124-147
653 _aლინგვისტიკა
653 _aდისერტაცია
653 _aსაგაზეთო ფელეტონის იუმორის ეპოქალურ-კულტურული არსი და კვლევის ლინგვოკულტუროლოგიური პერსპექტივა (ქართული და ინგლისური საგაზეთო ფელეტონების მასალაზე)
700 _aშავლაძე, თ.
_e სამეცნ. ხელმძღვანელი
_910736
942 _cBK
_2udc